| 000 | 00895 a2200193 4500 | ||
|---|---|---|---|
| 020 | _a8123901852 | ||
| 020 | _a9788123901855 | ||
| 090 |
_c398 _d398 |
||
| 100 | 1 | _aK.K., Ahuja. | |
| 245 | 1 | 0 |
_aProduction management / _cAhuja K.K. |
| 260 |
_a[S.l.] : _bCBS Publishers & Distributors, _c2004. |
||
| 300 |
_a960 p. ; _c22 cm. |
||
| 500 | _aPaperback. | ||
| 520 | _a1. Production Management 2. Production Process 3. Production System 4. Production Planning and Control 5. Production Planning and Control Functions 6. Pr6duction Planning and Control A System of Management 7. Net work Analysis Programme Evaluation Review. | ||
| 650 | 4 | _aBusiness & Investing / Management. | |
| 856 | 4 | 0 |
_3Amazon.com _uhttp://www.amazon.com/exec/obidos/ASIN/8123901852/chopaconline-20 |
| 856 | 4 | 0 |
_3Amazon customer reviews _uhttp://www.chopac.org/cgi-bin/tools/azrev.pl?q=8123901852 |
| 942 |
_aNBS _cBK _k658.5 AHU |
||
| 999 |
_c342960 _d342960 |
||